000 00500nam a2200181Ia 4500
005 20250326124128.0
008 250326s9999 xx 000 0 und d
037 _aTextbook
040 _aFMSL
_beng
_cFMSL
041 _aeng
_2eng
084 _aX:51 K1;3
_qFMSL
100 _aDarvas N
_9736833
245 0 _aHow i made
_ 2,000,000 in the stock market
_cDarvas N
260 _aLondon
_bLondon, Heinemann
_c1961
300 _a178p
942 _cTB
_hX:51 K1;3
999 _c1272410
_d1272410